000 03529nam a22003017a 4500
005 20260428143654.0
008 240604s1878 fr a|||frd||| 00| 0 fre d
040 _cSandra Yazo
_dSandra Yazo
041 0 _afre
082 0 4 _220
_a036
092 _aE53N069
242 0 0 _aEncyclopédie du Dix-Neuvième Siècle.
_bRepertorio universal de las ciencias, las letras y las artes. Con notas biográficas y numerosos grabados.
_yspa
245 0 0 _aEncyclopédie du Dix-Neuvième Siècle.
_bRépertoire Universel des Sciences, des Lettres et des Arts avec la biographie et de nombreuses gravures.
250 _aQuatrième édition [Cuarta edición]
260 _aParís (Francia)
_bLibrairie de L’Encyclopédie du XIX. Siècle ; Imprimerie Jules Boyer [Librería de la Enciclopedia del Siglo XIX ; Imprenta de Julio Boyer] ;
_bTypographie Lahure [Tipografía Lahure] ; Imprimerie Jules Boyer [Imprenta de Jules Boyer]
_c1878-1881
300 _a22 tomos en 11 volúmenes (400 ; 400 ; 400, [1] ; 416 ; 400, [1] ; 400 ; 400, [1] ; 400 ; 400, [1] ; 400 ; 400, [1] ; 400 ; 416, [1] ; 416 ; 416, 416 ; 480, 480 ; 400, 400 ; 448, 176, 71, 214, 208 páginas)
_c25 x 17 cm.
_bilustraciones, grabados
500 _aDetalles físicos: Dos tomos en cada volumen, obra incompleta. Encuadernación rígida (holandesa): cartón forrado en tela texturizada. Lomo de cuerpo, con raspaduras. Lomo con nervaduras sobre costuras. Letras y motivos decorativos en dorado. Tapas con decoración (recuadros) repujada. Guardas simulando papel de agua. Hoja de cortesía. Anteportada. Portadas impresas en una sola tinta. Texto impreso en dos columnas, separadas por una línea vertical, con diferentes tipos y tamaños de letras. Notas de pie de página. Grabados e ilustraciones dentro del texto. Cuadros y gráficas. Papel con manchas de oxidación. V.63-64: Guarda delantera y primeras hojas, empiezan a desprenderse. Hojas de papel de diferente tamaño (ver págs. 341, 411). V.65-66: Anteportada rasgada. V.69-70: Guarda delantera y primeras hojas, desprendidas.
505 2 _aV.63: De Abyssinie (Abisinia) a Géologie (Geología) ; V.64: De Gers (nombre propio) a Yonne (nombre propio) -- V. 65: De Abyssinie (Abisinia) a Pole Nord (Polo Norte) -- V.66: De Pologne (Polonia) a Wurtemberg. Crónica de los conflictos de 1870 y 1871 en Francia -- V. 67: De Achantis (Ashantis) a Cheminée (Chimenea) -- V.68: De Chemmis (isla del antiguo lago Boutos, en Egipto) a Expositions des produits industriels (Exposiciones de productos industriales) -- V. 69: De Expositions industrielles (Exposiciones industriales) a Pomoerium (espacios libres a ambos lados de las murallas) -- V.70: De Pomone a Zour (aguas sagradas para los persas) ; Biografías de hombres notables ; Primer Índice Metódico de los tomos I al XLVIII ; Segundo Índice Metódico de los tomos XLIX a LXX ; Complemente periódico ; Índice Alfabético
506 _aConsulta en sala
520 _aEnciclopedia francesa con información sobre ciencias, artes y letras del Siglo XIX (de 1859 a 1867), en artículos ordenados alfabéticamente.
546 _aTexto en francés
650 7 _914175
_aEnciclopedias y diccionarios franceses
_ySiglo XIX
650 7 _910793
_aCiencias
_ySiglo XIX
_vEnciclopedias y diccionarios
650 7 _99547
_aArtes
_ySiglo XIX
_vEnciclopedias y diccionarios
650 7 _918599
_aLiteratura
_ySiglo XIX
_vEnciclopedias y diccionarios
650 7 _97695
_aHistoria
_ySiglo XIX
_vEnciclopedias y diccionarios
942 _2LOCAL
_cLIBRO
_e4
_hE53N069
999 _c324291
_d324291